[Event "47th Dortmund Meeting"]
[Site "Dortmund GER"]
[Date "2019.07.14"]
[Round "2"]
[White "Wojtaszek, Radoslaw"]
[Black "Fridman, Daniel"]
[WhiteElo "2737"]
[BlackElo "2638"]
[Result "1-0"]
[EventDate "2019.07.13"]
[PlyCount "103"]

1.c4 c6 2.Nf3 d5 3.e3 Nf6 4.Nc3 e6 5.d4 a6 6.b3 Bb4 7.Bd2 Nbd7 8.Bd3 O-O 
9.O-O Bd6 10.Re1 h6 11.e4 dxc4 12.bxc4 e5 13.c5 Bc7 14.Qc2 exd4 15.Ne2 Re8
16.Rad1 Qe7 17.Rc1 Rd8 18.Nexd4 Ne5 19.Nxe5 Qxe5 20.Nf3 Qe7 21.e5 Nd5 22.
Qc4 Be6 23.Qe4 f5 24.exf6 Nxf6 25.Qg6 Qf7 26.Rxe6 Qxe6 27.Bc4 Rd5 28.Bxh6 
Qf7 29.Qxf7+ Kxf7 30.Be3 Rd8 31.Rb1 Rd7 32.Kf1 Bb8 33.Bd4 Ke8 34.Bxd5 Nxd5
35.g3 Ba7 36.Ne5 Re7 37.f4 Kd8 38.Kf2 Nf6 39.Kf3 Kc7 40.h4 Nd7 41.Nxd7 
Rxd7 42.Be5+ Kc8 43.Bd6 Bb8 44.Bxb8 Kxb8 45.g4 Rd5 46.Rc1 g6 47.Rh1 Rxc5 
48.h5 gxh5 49.gxh5 Rf5 50.h6 Rf8 51.h7 Rh8 52.Ke4 1-0

[Event "47th Dortmund Meeting"]
[Site "Dortmund GER"]
[Date "2019.07.17"]
[Round "4"]
[White "Rapport, Richard"]
[Black "Fridman, Daniel"]
[WhiteElo "2735"]
[BlackElo "2638"]
[Result "1/2-1/2"]
[EventDate "2019.07.13"]
[PlyCount "142"]

1.e4 e5 2.Nf3 Nf6 3.Nc3 Nc6 4.Bb5 Bb4 5.O-O O-O 6.d3 d6 7.Ne2 Ne7 8.c3 Ba5
9.Ng3 c6 10.Ba4 Ng6 11.d4 Re8 12.Bc2 d5 13.Bg5 exd4 14.Nxd4 h6 15.Bxf6 
Qxf6 16.f4 dxe4 17.Nxe4 Qh4 18.Qd3 Bc7 19.Rae1 Bg4 20.h3 Bd7 21.Re2 Qd8 
22.Ref2 b6 23.b4 a5 24.b5 c5 25.Ne2 Bf5 26.N2g3 Qxd3 27.Bxd3 Rad8 28.Nf6+ 
gxf6 29.Bxf5 Re3 30.Nh5 Rxc3 31.Nxf6+ Kg7 32.Nh5+ Kf8 33.Re2 Rc4 34.g3 
Rcd4 35.Nf6 Rd2 36.Rfe1 Rxe2 37.Rxe2 Ne7 38.Nh7+ Ke8 39.Nf6+ Kf8 40.Nh7+ 
Ke8 41.Bc2 Rd4 42.Nf6+ Kd8 43.Kg2 Bd6 44.h4 c4 45.Kf3 Bc5 46.h5 Nd5 47.Ng4
Nc3 48.Rh2 Rd6 49.Ne5 Ke7 50.Nxc4 Re6 51.a4 Re1 52.Rd2 f6 53.Kg4 Ne2 54.
Kf5 Nxg3+ 55.Kg6 Rh1 56.Bf5 Nxh5 57.Rd7+ Kf8 58.Bg4 Nxf4+ 59.Kxf6 Re1 60.
Ne5 Be7+ 61.Kf5 Ng2 62.Nf3 Ra1 63.Bh3 Nh4+ 64.Nxh4 Bxh4 65.Rd6 Rxa4 66.
Rxb6 Rb4 67.Rxh6 Rxb5+ 68.Ke4 Be7 69.Ra6 a4 70.Rxa4 Rb4+ 71.Rxb4 Bxb4 
1/2-1/2